000 00276nam a22001337a 4500
008 210507b ||||| |||| 00| 0 eng d
041 _aeng
080 _a7
082 _a7
100 _a44
101 _aART
245 _aIndustrial Design
_cK. H. Condit
942 _2udc
_cBK
999 _c57126
_d57126